000 00410nam a2200121Ia 4500
008 220615s9999||||xx |||||||||||||| ||und||
100 _aCheng, Chu-yuan
245 0 _aChina’s Allocation of Fixed Capital Investment, 1952–1957
546 _aEnglish[eng]
650 _aSociology and anthropology
856 _uhttps://library.oapen.org/bitstream/20.500.12657/41823/1/9780472902224.pdf
942 _cEB
999 _c13382
_d13382